La contribution du CAFRAD à l'administration publique africaine (notice n° 1582118)

détails MARC
000 -LEADER
fixed length control field 01893cam a2200169 4500500
005 - DATE AND TIME OF LATEST TRANSACTION
control field 20251228051729.0
041 ## - LANGUAGE CODE
Language code of text/sound track or separate title fre
042 ## - AUTHENTICATION CODE
Authentication code dc
100 10 - MAIN ENTRY--PERSONAL NAME
Personal name Michael, Lizette
Relator term author
245 00 - TITLE STATEMENT
Title La contribution du CAFRAD à l'administration publique africaine
260 ## - PUBLICATION, DISTRIBUTION, ETC.
Date of publication, distribution, etc. 2005.<br/>
500 ## - GENERAL NOTE
General note 12
520 ## - SUMMARY, ETC.
Summary, etc. RésuméCet article cherche à analyser la mission du Centre africain de formation et de recherche administratives pour le développement (CAFRAD). Nous y donnons un aperçu des activités dans les domaines de la formation, de la recherche, de la consultation, de l’information et de la publication, examinons les réalisations et soulignons les difficultés rencontrées par le CAFRAD dans la mise en œuvre de ses travaux. Nous concluons l’article en évoquant la voie à suivre et les perspectives possibles pour un CAFRAD plus efficace et plus fort au 21ème siècle, capable de contribuer efficacement à l’amélioration de l’administration publique africaine.
520 ## - SUMMARY, ETC.
Summary, etc. The contribution of CAFRAD to public administration in AfricaThis article attempts to provide an analysis of the mission of the African Training and Research Centre in Administration for Development (CAFRAD). It presents an overview of the Centre’s activities in training, research, consultancy, information and publication, assesses its achievements and highlights the constraints which CAFRAD faced in the implementation of its work. The article concludes with the way forward and prospects for a better and stronger CAFRAD in the 21st century, one which will contribute effectively to the improvement of African public administration.
786 0# - DATA SOURCE ENTRY
Note Revue Internationale des Sciences Administratives | 71 | 2 | 2005-06-01 | p. 347-357 | 0303-965X
856 41 - ELECTRONIC LOCATION AND ACCESS
Uniform Resource Identifier <a href="https://droit.cairn.info/revue-internationale-des-sciences-administratives-2005-2-page-347?lang=fr&redirect-ssocas=7080">https://droit.cairn.info/revue-internationale-des-sciences-administratives-2005-2-page-347?lang=fr&redirect-ssocas=7080</a>

Pas d'exemplaire disponible.

PLUDOC

PLUDOC est la plateforme unique et centralisée de gestion des bibliothèques physiques et numériques de Guinée administré par le CEDUST. Elle est la plus grande base de données de ressources documentaires pour les Étudiants, Enseignants chercheurs et Chercheurs de Guinée.

Adresse

627 919 101/664 919 101

25 boulevard du commerce
Kaloum, Conakry, Guinée

Réseaux sociaux

Powered by Netsen Group @ 2025